[Event "Reykjavik op"]
[Site "Reykjavik"]
[Date "1990.??.??"]
[Round "7"]
[White "Halldorsson, Bragi"]
[Black "Lamm, Steffen"]
[Result "1/2-1/2"]
[WhiteElo "2215"]
[BlackElo "2280"]
[PlyCount "91"]
[EventDate "1990.03.??"]
[EventType "swiss"]
[EventRounds "11"]
[EventCountry "ISL"]
[SourceTitle "CBM 018 Extra"]
[Source "ChessBase"]
[SourceDate "1990.11.01"]
[SourceVersion "1"]
[SourceVersionDate "1990.11.01"]
[SourceQuality "1"]

1. d4 Nf6 2. c4 e6 3. Nc3 c5 4. d5 exd5 5. cxd5 d6 6. e4 g6 7. f3 Bg7 8. Bg5 h6 9. Be3 a6 10. a4 0-0 11. Qd2 Kh7 12. Nge2 Re8 13. Ng3 Nbd7 14. Be2 Rb8 15. 0-0 b6 16. Kh1 Bb7 17. Rae1 Rc8 18. b3 Qe7 19. Bg1 h5 20. Bc4 h4 21. Nge2 Nh5 22. g4 hxg3 23. hxg3 Rh8 24. Kg2 Ne5 25. Be3 Kg8 26. g4 Nf6 27. Rh1 Nfd7 28. Ng3 Qf6 29. Rxh8+ Bxh8 30. Be2 Nxf3 31. Bxf3 Qxc3 32. Qf2 Bd4 33. Bxd4 Qxd4 34. Qxd4 cxd4 35. Ne2 d3 36. Nd4 Ne5 37. Kf2 Kg7 38. g5 Rc7 39. Bd1 Rc3 40. Re3 Bc8 41. Ke1 f6 42. Kd2 Rc7 43. Nf3 Nxf3+ 44. Bxf3 fxg5 45. Kxd3 Kf6 46. Kd4 1/2-1/2